Compresion de imagenes estaticas mediante la utilizacion de la transformada discreta wavelet
Gespeichert in:
| 1. Verfasser: | |
|---|---|
| Format: | Abschlussarbeit Buch |
| Sprache: | Undetermined |
| Veröffentlicht: |
2001
|
| Schlagworte: | |
| Tags: |
Tag hinzufügen
Keine Tags, Fügen Sie den ersten Tag hinzu!
|
MARC
| LEADER | 00000nam a2200000Ia 4500 | ||
|---|---|---|---|
| 001 | 8873 | ||
| 008 | 140114s9999 xx 000 0 und d | ||
| 100 | |a Acuna Cordoba,Andres Alonso | ||
| 245 | |a Compresion de imagenes estaticas mediante la utilizacion de la transformada discreta wavelet | ||
| 260 | |c 2001 | ||
| 500 | |a NULL | ||
| 502 | |a Escuela de ingenieria Electrica | ||
| 650 | |z IMAGENES ESTATICAS | ||
| 999 | |c 12554 |d 12554 | ||
